000 00343nam a22001337a 4500
027 _qPB.
040 _cFIZZA ISHAQ
082 _a355.02
_bTZU
100 _aTzu , Sun.
_990541
245 _a The Art of War /
_c Sun Tzu.
260 _aISLAM ABAD:
_bService Book Club,
_c1949.
300 _a99 P. ;
_c5.91 x 3.98 x 0.24 inches
942 _2ddc
_cBK
999 _c616724
_d616724